Vida en la antigua Roma / (Registro nro. 11539)
[ vista simple ]
| 000 -LIDER | |
|---|---|
| fixed length control field | 00745nam a22002537a 4500 |
| 001 - NÚMERO DE CONTROL | |
| Identificador de número de control | 0011609 |
| 003 - IDENTIFICACDOR DE NÚMERO DE CONTROL | |
| control field | DO-SdBNP |
| 005 - DATE AND TIME OF LATEST TRANSACTION | |
| control field | 20230828103627.0 |
| 007 - CAMPOS FIJOS DE DESCRIPCIÓN FÍSICA | |
| fixed length control field | 0011609 |
| 008 - ELEMENTOS DE LONGITUD FIJA | |
| fixed length control field | 161011b 2005 mx 00| 0 spa d |
| 020 ## - ISBN | |
| International Standard Book Number | 9707701544 |
| 040 ## - FUENTE DE CATALOGACIÓN | |
| Agencia que crea de manera original el registro | BPMSU |
| Idioma de catalogación | spa |
| Agencia que realiza la transcripción | BPMSU |
| 082 #4 - NÚMERO DE CLASIFICACIÓN DECIMAL DE DEWEY | |
| Classification number | 937.06 |
| Item number | A211v 2005 |
| Edition number | 22 |
| 100 1# - ASIENTO PRINCIPAL -- NOMBRE PERSONAL | |
| Nombre personal | Adams, Simon |
| 245 10 - MENCIÓN DE TITULO | |
| Título | Vida en la antigua Roma / |
| Mención de responsabilidad | Simon Adams ; prólogo Lindsey Davis. |
| 260 ## - PUBLICACIÓN, DISTRIBUCIÓN, ETC. (PIE DE IMPRENTA) | |
| Lugar de publicación, distribución, etc | México : |
| Nombre del editor, distribuidor, etc. | Altea, |
| Fecha de publicación, distribución, etc | 2005. |
| 300 ## - DESCRIPCIÓN FÍSICA | |
| Extensión | 63 p. : |
| Otros detalles físicos | il., ; |
| Dimensiones | 28 cm. |
| 590 ## - NOTA LOCAL | |
| Enlace | Inventariado, 2023/VM |
| 651 #4 - ENCABEZAMIENTO DE MATERIA--NOMBRE GEOGRÁFICO | |
| Nombre geográfico | Roma antigua |
| Subdivisión temática general | Vida social y costumbres |
| 651 #4 - ENCABEZAMIENTO DE MATERIA--NOMBRE GEOGRÁFICO | |
| Nombre geográfico | Roma |
| Subdivisión temática general | Historia |
| -- | Imperio, 30 a.C.-476 d.C. |
| 700 1# - ASIENTO SECUNDARIO -- NOMBRE PERSONAL | |
| Nombre personal | Davis, Lindsay, |
| Mención de responsabilidad | pról. |
| 910 ## - VALIDACIÓN | |
| Validación | VMateo V. Control de calidad. BPMSU |
| 942 ## - ADDED ENTRY ELEMENTS (KOHA) | |
| Source of classification or shelving scheme | Dewey Decimal Classification |
| Koha item type | Libros |
| Withdrawn status | Lost status | Source of classification or shelving scheme | Damaged status | Not for loan | Collection code | Home library | Current library | Date acquired | Source of acquisition | Total Checkouts | Full call number | Barcode | Date last seen | Price effective from | Koha item type | Copy number |
|---|---|---|---|---|---|---|---|---|---|---|---|---|---|---|---|---|
| Dewey Decimal Classification | Colección General | Biblioteca Pública Metropolitana Salomé Ureña | Biblioteca Pública Metropolitana Salomé Ureña | 10/11/2016 | Santillana Ediciones Generales | BPMSU CG 937.06 A211v 2005 | BPMSU16100110 | 10/11/2016 | 10/11/2016 | Libros | ||||||
| Dewey Decimal Classification | Colección General | Biblioteca Pública Metropolitana Salomé Ureña | Biblioteca Pública Metropolitana Salomé Ureña | 10/11/2016 | Santillana Ediciones Generales | BPMSU CGJ 937.06 A211v 2005 | BPMSU16100111 | 10/11/2016 | 10/11/2016 | Libros | e.2 | |||||
| Dewey Decimal Classification | Colección General | Biblioteca Pública Metropolitana Salomé Ureña | Biblioteca Pública Metropolitana Salomé Ureña | 10/11/2016 | Santillana Ediciones Generales | BPMSU CGJ 937.06 A211v 2005 | BPMSU16100112 | 10/11/2016 | 10/11/2016 | Libros | e.3 |